Fulham players (2010-2020) - Statistics

General Stats
  • This quiz has been taken 3 times
  • The average score is 91 of 169
Answer Stats
Rank Player Positions Nationality Matches Goals (assists) Period % Correct
14 Aaron Hughes CB 94 1 (1) 2010-2014
100%
15 Aleksandar Mitrović ST 94 49 (6) 2017-2020
100%
158 Alex Smith CM 1 0 (0) 2012-2013
100%
44 Andy Johnson ST 47 6 (4) 2010-2012
100%
47 Ashkan Dejagah RW 43 5 (3) 2012-2014
100%
141 Bjørn Helge Riise CM 3 0 (0) 2010-2011
100%
71 Bobby Zamora ST 29 10 (11) 2010-2012
100%
3 Brede Hangeland CB 133 6 (1) 2010-2014
100%
12 Bryan Ruiz AM 97 12 (16) 2011-2015
100%
84 Carlos Salcido CB 23 0 (2) 2010-2011
100%
20 Clint Dempsey CF 79 29 (9) 2010-2012, 2013-2014
100%
11 Damien Duff RM 98 9 (15) 2010-2014
100%
25 Danny Murphy CM 73 2 (9) 2010-2012
100%
4 Denis Odoi RB 133 3 (4) 2016-2020
100%
42 Dickson Etuhu DM 50 2 (2) 2010-2012
100%
39 Dimitar Berbatov ST 51 19 (4) 2012-2014
100%
113 Eddie Johnson ST 11 0 (0) 2010-2011
100%
115 Eidur Gudjohnsen ST 10 0 (1) 2010-2011
100%
147 Fabri GK 2 0 (0) 2018-2019
100%
139 Gábor Király GK 4 0 (0) 2014-2015
100%
53 Georgios Karagounis CM 39 1 (0) 2012-2014
100%
18 John Arne Riise LB 87 0 (6) 2011-2014
100%
107 Lewis Holtby CM 13 1 (3) 2013-2014
100%
94 Maarten Stekelenburg GK 19 0 (0) 2013-2014
100%
13 Mark Schwarzer GK 97 0 (0) 2010-2013
100%
41 Matt Smith ST 51 9 (4) 2014-2017
100%
93 Michael Hector CB 20 0 (2) 2019-2020
100%
30 Mousa Dembélé CM 62 5 (5) 2010-2013
100%
37 Moussa Dembélé ST 56 15 (8) 2013-2016
100%
128 Orlando Sá ST 7 1 (0) 2011-2012
100%
35 Philippe Senderos CB 57 2 (2) 2010-2014
100%
98 Ragnar Sigurdsson CB 17 1 (1) 2016-2017
100%
6 Scott Parker CM 119 6 (6) 2013-2017
100%
62 Simon Davies RM 36 4 (4) 2010-2012
100%
5 Stefan Johansen CM 126 19 (20) 2016-2020
100%
2 Tim Ream CB 177 2 (1) 2015-2020
100%
1 Tom Cairney CM 188 34 (26) 2015-2020
100%
28 Aboubakar Kamara ST 68 14 (5) 2017-2020
50%
157 Adil Chihi RW 1 0 (0) 2014-2015
50%
19 Alexander Kacaniklic RW 84 10 (4) 2011-2016
50%
49 Alfie Mawson CB 42 0 (0) 2018-2020
50%
82 André Schürrle LW 24 6 (0) 2018-2019
50%
70 Andy Lonergan GK 29 0 (0) 2015-2016
50%
50 Anthony Knockaert RW 42 3 (5) 2019-2020
50%
102 Ben Pringle LM 15 2 (0) 2015-2016
50%
51 Bobby De Cordova-Reid RW 41 6 (3) 2019-2020
50%
67 Calum Chambers CB 31 2 (0) 2018-2019
50%
138 Cameron Burgess CB 4 0 (0) 2014-2015
50%
38 Cauley Woodrow ST 54 8 (2) 2013-2017
50%
24 Chris Baird DM 74 4 (1) 2010-2013, 2015-2016
50%
130 Chris David AM 6 1 (0) 2013-2015
50%
68 Chris Martin ST 31 10 (3) 2016-2017
50%
119 Cyriac LW 9 1 (0) 2016-2017
50%
34 Cyrus Christie RB 57 1 (3) 2017-2020
50%
31 Dan Burn CB 61 1 (2) 2013-2016
50%
131 Danny Guthrie CM 6 0 (0) 2014-2015
50%
83 Darren Bent ST 24 3 (2) 2013-2014
50%
32 David Button GK 60 0 (0) 2016-2018
50%
54 David Stockdale GK 38 0 (0) 2010-2014
50%
114 Diomansy Kamara RW 10 2 (0) 2010-2011
50%
99 Elsad Zverotic RB 16 0 (0) 2013-2015
50%
78 Emerson Hyndman CM 25 1 (0) 2014-2016
50%
132 Emmanuel Frimpong DM 6 0 (1) 2012-2013
50%
120 Eyong Enoh DM 9 0 (0) 2012-2013
50%
46 Fernando Amorebieta CB 44 2 (2) 2013-2016
50%
22 Floyd Ayité LW 76 14 (10) 2016-2020
50%
88 Frank Anguissa CM 22 0 (0) 2018-2019
50%
125 Gaël Kakuta AM 7 1 (0) 2010-2011
50%
103 George Williams LW 15 0 (2) 2014-2016
50%
79 Harrison Reed CM 25 0 (1) 2019-2020
50%
75 Harry Arter CM 28 2 (1) 2019-2020
50%
135 Håvard Nordtveit DM 5 0 (1) 2018-2019
50%
23 Hugo Rodallega ST 75 15 (12) 2012-2015
50%
121 Ibrahima Cissé DM 9 0 (0) 2017-2019
50%
48 Ivan Cavaleiro LW 43 6 (7) 2019-2020
50%
106 Jack Grimmer RB 13 0 (0) 2014-2015
50%
58 Jamie O'Hara CM 37 1 (3) 2015-2016
50%
59 Jazz Richards RB 36 0 (1) 2014-2016
50%
66 Jean Michaël Seri DM 32 1 (2) 2018-2019
50%
140 Jesse Joronen GK 4 0 (0) 2014-2015
50%
26 Joe Bryan LB 71 1 (8) 2018-2020
50%
123 Joe Lewis GK 8 0 (0) 2015-2016
50%
104 Johnny Heitinga CB 14 1 (1) 2013-2014
50%
100 John Paintsil RB 16 0 (0) 2010-2011
50%
143 Jordan Graham RW 3 0 (0) 2017-2018
50%
69 Josh Onomah CM 31 3 (3) 2019-2020
50%
117 Kay Voser LB 10 0 (0) 2014-2016
50%
85 Kerim Frei LW 23 0 (0) 2011-2013
50%
7 Kevin McDonald DM 116 6 (5) 2016-2020
50%
45 Kieran Richardson LB 45 5 (3) 2012-2014
50%
144 Konstantinos Mitroglou ST 3 0 (0) 2013-2014
50%
55 Konstantinos Stafylidis LB 38 0 (0) 2014-2015
50%
36 Lasse Vigen CM 56 6 (11) 2014-2017
50%
163 Lazar Markovic RW 1 0 (0) 2018-2019
50%
127 Luca de la Torre CM 7 0 (0) 2017-2018, 2019-2020
50%
40 Lucas Piazón AM 51 10 (8) 2016-2018
50%
92 Luciano Vietto ST 20 1 (4) 2018-2019
50%
80 Luke Garbutt LB 25 1 (2) 2015-2016
50%
86 Mahamadou Diarra DM 23 1 (2) 2011-2014
50%
149 Marcel Gecov CM 2 0 (0) 2011-2012
50%
150 Marcelo Djaló CB 2 0 (0) 2017-2018
50%
10 Marcus Bettinelli GK 103 0 (0) 2014-2020
50%
65 Marek Rodák GK 33 0 (0) 2019-2020
50%
110 Matthew Briggs CB 12 0 (0) 2010-2014
50%
96 Matt Targett LB 18 1 (2) 2017-2018
50%
56 Maxime Le Marchand CB 38 0 (1) 2018-2020
50%
72 Michael Madl CB 29 1 (2) 2015-2017
50%
87 Mladen Petric ST 23 5 (1) 2012-2013
50%
145 Muamer Tankovic RW 3 0 (0) 2013-2014
50%
21 Neeskens Kebano LW 77 12 (7) 2016-2020
50%
52 Nikolay Bodurov CB 41 1 (0) 2014-2016
50%
60 Oliver Norwood CM 36 5 (3) 2017-2018
50%
57 Pajtim Kasami CM 38 3 (0) 2011-2014
50%
95 Patrick Roberts RW 19 0 (2) 2013-2015
50%
167 Paul Konchesky LB 1 0 (0) 2010-2011
50%
111 Pavel Pogrebnyak ST 12 6 (0) 2011-2012
50%
146 Rafa Soares LB 3 0 (0) 2017-2018
50%
73 Richard Stearman CB 29 0 (0) 2015-2016
50%
17 Ross McCormack CF 89 38 (19) 2014-2016
50%
76 Rui Fonte ST 27 3 (5) 2017-2018
50%
101 Ryan Babel LW 16 5 (4) 2018-2019
50%
8 Ryan Fredericks RB 106 0 (12) 2015-2018
50%
9 Ryan Sessegnon LB 106 22 (15) 2016-2019
50%
33 Ryan Tunnicliffe CM 59 2 (5) 2013-2017
50%
152 Ryan Williams RM 2 0 (0) 2014-2015
50%
133 Sakari Mattila DM 6 0 (0) 2015-2016
50%
29 Sascha Riether RB 66 1 (7) 2012-2014
50%
61 Scott Malone LB 36 6 (3) 2016-2017
50%
90 Sean Kavanagh LB 21 1 (2) 2014-2016
50%
91 Seko Fofana CM 21 1 (0) 2014-2015
50%
74 Sergio Rico GK 29 0 (0) 2018-2019
50%
64 Shaun Hutchinson CB 34 2 (1) 2014-2016
50%
89 Sheyi Ojo RW 22 4 (2) 2017-2018
50%
43 Sone Aluko RW 49 8 (10) 2016-2018
50%
63 Stephen Kelly RB 36 0 (0) 2010-2013
50%
105 Steven Sessegnon RB 14 0 (0) 2019-2020
50%
16 Steve Sidwell CM 92 14 (6) 2010-2014
50%
154 Sylvester Jasper LW 2 0 (0) 2019-2020
50%
129 Thomas Eisfeld CM 7 0 (0) 2014-2015
50%
81 Tim Hoogland RB 25 4 (1) 2014-2015
50%
112 Timothy Fosu-Mensah RB 12 0 (0) 2018-2019
50%
27 Tomas Kalas CB 69 1 (2) 2016-2018
50%
134 Yohan Mollo RW 6 0 (1) 2017-2018
50%
77 Zoltán Gera AM 27 1 (1) 2010-2011
50%
109 Adel Taarabt CM 12 0 (1) 2013-2014
0%
159 Dennis Adeniran CM 1 0 (0) 2016-2017
0%
142 Derek Boateng DM 3 0 (0) 2013-2014
0%
148 Harvey Elliott AM 2 0 (0) 2018-2019
0%
97 James Husband LB 17 0 (5) 2014-2016
0%
160 Jay Stansfield ST 1 0 (0) 2019-2020
0%
116 Jonathan Greening CM 10 0 (2) 2010-2011
0%
126 Jozabed Sánchez CM 7 0 (0) 2016-2017
0%
161 Kagisho Dikgacoi CM 1 0 (0) 2010-2011
0%
162 Larnell Cole RM 1 0 (0) 2013-2014
0%
164 Marcello Trotta ST 1 0 (0) 2011-2012
0%
151 Mark Fotheringham CM 2 0 (0) 2014-2015
0%
165 Matt O'Riley CM 1 0 (0) 2019-2020
0%
166 Mesca RM 1 0 (0) 2013-2014
0%
122 Michael Turner CB 9 1 (1) 2014-2015
0%
168 Rafik Halliche CB 1 0 (0) 2010-2011
0%
118 Rohan Ince DM 10 1 (0) 2015-2016
0%
136 Stanislav Manolev RB 5 0 (0) 2012-2013
0%
153 Stephen Humphrys ST 2 0 (0) 2016-2017
0%
155 Tayo Edun LB 2 0 (0) 2017-2018
0%
169 Terence Kongolo CB 1 0 (0) 2019-2020
0%
108 Urby Emanuelson CM 13 1 (0) 2012-2013
0%
124 William Kvist DM 8 0 (0) 2013-2014
0%
156 Zakaria Labyad AM 2 0 (0) 2015-2016
0%
137 Zdenek Grygera RB 5 0 (0) 2011-2012
0%
No matching quizzes found
Score Distribution
Percent of People with Each Score
Percentile by Number Answered
Your Score History
You have not taken this quiz